000 00574nam a2200217 a 4500
999 _c4830
_d4830
001 4830
003 BD-JhCC
005 20171203201906.0
008 171203s19411963e a|||| || | 000 0 eng d
035 _a(BD-JhCC)4830
040 _aBD-JhCC
_dBD-JhCC
041 _aeng
082 _a425
_bFRr 1963
100 _aFrench, F. G.
245 _aA Pictorial English Grammer for Schools abroad /
_cF. G. French,
260 _aLondon :
_bOxford University Press,
_c1963.
300 _a232 p. :
_bill. ;
_c18 cm.
650 _aEnglish Grammer
942 _2ddc
_cBK